| 000 | 00456nam a22001337a 4500 | ||
|---|---|---|---|
| 008 | 230616b |||||||| |||| 00| 0 eng d | ||
| 040 |
_aNational Science Library _cNational Science Library |
||
| 080 |
_a621.7.04(082.2).11 _bM2 |
||
| 245 |
_a2nd seminar of metal forming _c/ Scientific Society of Mechanical Engineers |
||
| 260 |
_aBudapest: _bScientific Society of Mechanical Engineers, _c1982 |
||
| 300 | _a434p. | ||
| 650 | _aMetals | ||
| 942 |
_2udc _cPR |
||
| 999 |
_c44153 _d44153 |
||